Normal view MARC view

Entry Personal Name

Number of records used in: 1

001 - CONTROL NUMBER

  • control field: 591

003 - CONTROL NUMBER IDENTIFIER

  • control field: OSt

005 - DATE AND TIME OF LATEST TRANSACTION

  • control field: 20140716145555.0

008 - FIXED-LENGTH DATA ELEMENTS

  • fixed length control field: 140716|| aca||aabn | a|a d

040 ## - CATALOGING SOURCE

  • Original cataloging agency: OSt
  • Transcribing agency: OSt

100 ## - HEADING--PERSONAL NAME

  • Personal name: Lule Elizabeth

670 ## - SOURCE DATA FOUND

  • Source citation: Work cat.: (OSt): Lule Elizabeth, The fiscal dimension of HIV/AIDS in Botswana, South africa, Swaziland and Uganda, 2012